000 01768nam a2200301 a 4500
003 AM-YeHGA
005 20250617164522.0
008 190903s1962 ru a|||fr||||u000|0|rus||
040 _aAM-YeHGA
041 0 _arus
044 _aru
080 _a621.793 (NLA)
100 1 _aКуракин, Аркадий Константинович
245 1 0 _aПроизводство и применение биметаллов и металлов с защитными покрытиями /
_cА. К. Куракин, Е. К. Куракин ; Государственный комитет Совета Министров РСФРС по координации научно-исследовательских работ, Государственный научно-исследовательский институт научной и технической информации.
260 _aМосква :
_b[Б. и.],
_c1962.
300 _a64 с. :
_bил. ;
_c22 см.
490 0 _aОбзор зарубежной техники. Тема 11.
500 _aНа обл. авт. не указаны.
504 _aБиблиогр.: с. 63-64 (64 назв.)
650 1 4 _aБиметаллы.
650 1 4 _aМеталлы
_xЗащитные покрытия.
700 1 _aКуракин, Евгений Константинович
710 2 _aГосударственный комитет Совета Министров РСФРС по координации научно-исследовательских работ
710 2 _aГосударственный научно-исследовательский институт научной и технической информации
942 _2udc
_cBK
001 1642215
090 _c532865
999 _c525637
_d525637